00549cam a22001937a 4500003000500000005001700005008004100022010001000063011001000073035001000083040000900093082001700102100004500119245006600164260004000230300001100270650004000281700003400321CHAP20220817042412.0971013s1994 r 00010 d a43607 a44579 a48717 cCHAP a338.972bG6400aGonzález Marín, María Luisaecomp.13aLa economía mexicana en el umbral del Siglo XXI antología aMéxico, D.F. :bQuinto Sol,c1994 a287 p.14aMéxicoxCondiciones económicas.0 aAlvarez Mosso, Lucíaecomp.